| 000 | 01001nam a22003137a 4500 | ||
|---|---|---|---|
| 003 | CHAP | ||
| 005 | 20220329134641.0 | ||
| 008 | 971013s1977 r 00010 d | ||
| 010 | _a23608 | ||
| 011 | _a24580 | ||
| 035 | _a28679 | ||
| 040 | _cCHAP | ||
| 090 | _aFolleto 7323 | ||
| 100 | 0 | 0 |
_aChristensen, Clayde M. _922902 |
| 245 | _aField manual of common whear diseases and pests | ||
| 260 |
_aMéxico, D.F. : _bCentro Internacional de Mejoramiento de Maíz y Trigo, _c1977 |
||
| 300 |
_a69 p. _b: ilus |
||
| 490 |
_aInformación bulletin _v; 29 |
||
| 590 |
_aBATCH-UPD _b10 _c20130110 _lUCH01 _h1833 |
||
| 590 |
_aBATCH-UPD _b10 _c20130410 _lUCH01 _h1205 |
||
| 590 |
_aBATCH-UPD _b10 _c20130914 _lUCH01 _h2053 |
||
| 590 |
_aCONVERSION _b10 _c20130109 _lUCH01 _h1314 |
||
| 650 | 1 | 4 |
_aTrigo _xEnfermedades. _9115017 |
| 650 | 1 | 4 |
_aTrigo _xPlagas. _9115076 |
| 830 | 0 |
_aInformación bulletin _v; 29 _958081 |
|
| 901 | _aBK | ||
| 942 | _cFOLL | ||
| 949 |
_aFolleto 7323 _bBC _cFOLL _d-66133 _eTS1 _i28679 _mD _si |
||
| 999 |
_c23608 _d23608 |
||